000 01231naa a2200337 c 4500
001 46520
003 ES-MaCES
005 20151001111114.0
008 151001s2015 uk ||||| t||||||| ||eng d
040 _aES-MaCES
_bspa
_cES-MaCES
_dES-MaCES
100 1 _924484
_aStorm, Servaas
245 1 0 _aEurope's hunger games
_b: income distribution, cost competitiveness and crisis
_cServaas Storm, C. W. M. Naastepad
500 _aResumen
504 _aBibliografía: p.975-978
650 4 _928283
_acoste de la mano de obra
650 4 _928214
_aproductividad del trabajo
650 4 _928270
_acompetitividad
650 4 _927025
_apolítica económica
650 4 _930358
_aajuste estructural
650 4 _927102
_acrisis económica
650 4 _928892
_acomparación
650 4 _926947
_aGrecia
650 4 _926952
_aItalia
650 4 _926960
_aPortugal
650 4 _926964
_aEspaña
653 1 0 _aEconomía
700 1 _919449
_aNaastepad, C. W. M.
773 0 _983079
_dLondon (Oval Road, 24-28, NW1 7DX) [etc.] Academic Press
_o085981
_tCambridge journal of Economics
_w(ES-MaCES)25239
_gvol. 39, no. 3 (May 2015) {10225 R. 085981} ;p. 959-986
902 _aART Artículo de revista
942 _2CES
_cAR
_h0.0.
999 _c46520
_d46520